000 01829cam a2200541 a 4500
001 22722
003 SK-KTurca
005 20260421152640.0
008 240315s2009 xo oa j 001 0 slo
015 _aSNBA2010/01-00168
020 _a9788055120423
_q(viaz.)
035 _a0A4FE7B8-30D2-42AD-9CC4-2D0F80B6A318
035 _aurn:nbn:sk:snk-amkxd5
035 _aurn:nbn:sk:snk-am00826b
040 _aPOKPOH
_bslo
_cPOKPOH
_dSNK
_eAACR2
041 1 _aslo
_hfre
044 _axo
_cSK
072 7 _a316.4
_xSociálne procesy
_2konspekt
072 7 _a821-93
_xLiteratúra pre deti a mládež
_2konspekt
080 _a316.423
_22001
080 _a364.6
_22001
080 _a316.728:502.131.1
_22001
080 _a(0.053.2)
_22001
080 _a(0.062)
_22001
100 1 _aGandon, Odile,
_d1947-
_4aut
240 1 0 _aComprendre le monde
_lSlovensky
245 1 0 _aObjavujeme svet
_bveľké výzvy zajtrajška
_ctexty: Odile Gandon ; ilustrácie: Buster Bone, Stéphane Kiehl, Pascal Lemaître ; [z francúzskeho originálu preložila Zita Ročkárová, Silvia Hažírová]
250 _a[1. vyd.]
260 _aBratislava
_bIkar
_c2009
300 _a143 s.
_bfareb. fotogr. a ilustr.
_c26 cm
504 _aReg.
521 1 _aPre čitateľov od 10 rokov
648 7 _a21. stor.
_2SNKPH
650 0 7 _aglobálne problémy
_2SNKPH
650 0 7 _asociálne problémy
_2SNKPH
650 0 7 _atrvalo udržateľný život
_2SNKPH
655 7 _apopulárno-náučné publikácie
_2SNKPH
655 7 _apublikácie pre mládež
_2SNKPH
700 1 _aBone, Buster
_4ill
700 1 _aKiehl, Stéphane
_4ill
700 1 _aLemaître, Pascal
_4ill
700 1 _aRočkárová, Zita
_4trl
700 1 _aHažírová, Silvia
_4trl
942 _2ddc
_cOLDE
_n0
980 _a316.423
980 _a364.6
980 _a316.728:502.131.1
999 _c22722
_d22722